[Event "Campeonato de España Abierto 2006"]
[Site "Leon ESP"]
[Date "2006.11.26"]
[Round "5.12"]
[White "Vehi Bach, Victor Manuel"]
[Black "Garcia Garcia, Ruben"]
[Result "1-0"]
[WhiteElo "2311"]
[BlackElo "2329"]
[PlyCount "119"]
[EventDate "2006.11.22"]
[EventType "swiss"]
[EventRounds "9"]
[EventCountry "ESP"]
[Source "lmi"]
[SourceDate "2006.11.22"]

1. e4 c5 2. Nf3 Nc6 3. d4 cxd4 4. Nxd4 Nf6 5. Nc3 e5 6. Ndb5 d6 7. Bg5 a6 8.
Na3 b5 9. Bxf6 gxf6 10. Nd5 Bg7 11. Bd3 Ne7 12. Nxe7 Qxe7 13. c4 O-O 14. O-O f5
15. Qh5 Qb7 16. Rfe1 d5 17. exd5 e4 18. Bf1 Rd8 19. Rad1 Qb6 20. b3 Rd6 21. Nc2
Rh6 22. Qg5 Qd6 23. g3 Bd7 24. Nd4 Qb6 25. Nxf5 Bxf5 26. Qxf5 Rf6 27. Qxe4
Qxf2+ 28. Kh1 bxc4 29. bxc4 Rb8 30. Re2 Qc5 31. Red2 Rbb6 32. Bd3 h6 33. Rf1
Rxf1+ 34. Bxf1 Bc3 35. Rd3 Rf6 36. Rf3 Rxf3 37. Qxf3 Qd4 38. Bd3 Bb4 39. Kg2
Qb2+ 40. Kh3 Qxa2 41. Qg4+ Kf8 42. Qf5 Qd2 43. Qc8+ Kg7 44. Qg4+ Kf8 45. Bf5 a5
46. Bd7 Qd3 47. Qf4 Qg6 48. Qf5 Kg7 49. Qxg6+ fxg6 50. Kg4 Kf6 51. Kf3 Bc5 52.
Ke4 h5 53. Be8 Bd6 54. Kd4 Be5+ 55. Kc5 h4 56. gxh4 Bxh2 57. Kb6 Bg3 58. c5
Bxh4 59. c6 Bf2+ 60. Kb7 1-0

[Event "Campeonato de España Abierto 2006"]
[Site "Leon ESP"]
[Date "2006.11.26"]
[Round "5.14"]
[White "Baron Rodriguez, Jesus"]
[Black "Lorente Peñalba, Diego"]
[Result "1-0"]
[WhiteElo "2424"]
[BlackElo "2109"]
[PlyCount "83"]
[EventDate "2006.11.22"]
[EventType "swiss"]
[EventRounds "9"]
[EventCountry "ESP"]
[Source "lmi"]
[SourceDate "2006.11.22"]

1. d4 Nf6 2. c4 e6 3. Nc3 d5 4. cxd5 exd5 5. Bg5 Nbd7 6. e3 c6 7. Bd3 Be7 8.
Qc2 O-O 9. Nf3 Re8 10. h3 Nf8 11. Bf4 Ng6 12. Bh2 Bd6 13. Bxd6 Qxd6 14. O-O-O
b5 15. Kb1 b4 16. Na4 Ne4 17. Bxe4 dxe4 18. Nd2 f5 19. Qc5 Qxc5 20. Nxc5 Be6
21. Na6 Rec8 22. Rc1 Ne7 23. Nc4 Bd5 24. Nxb4 a5 25. Nxd5 cxd5 26. Nb6 Rxc1+
27. Rxc1 Rb8 28. Rc7 Rxb6 29. Rxe7 Rg6 30. g3 Rh6 31. Re5 Rxh3 32. Rxd5 Rh1+
33. Kc2 g6 34. Rxa5 Rf1 35. b4 Rxf2+ 36. Kc3 Re2 37. b5 Rxe3+ 38. Kc4 Re1 39.
b6 Rc1+ 40. Kd5 e3 41. b7 Rb1 42. Ra8+ 1-0

[Event "Campeonato de España Abierto 2006"]
[Site "Leon ESP"]
[Date "2006.11.26"]
[Round "5.16"]
[White "Casares Cabanas, Carlos"]
[Black "Jimenez Martin, Gustavo"]
[Result "1-0"]
[WhiteElo "2193"]
[BlackElo "2110"]
[PlyCount "107"]
[EventDate "2006.11.22"]
[EventType "swiss"]
[EventRounds "9"]
[EventCountry "ESP"]
[Source "lmi"]
[SourceDate "2006.11.22"]

1. e4 c6 2. d4 d5 3. Nd2 dxe4 4. Nxe4 Nf6 5. Nxf6+ gxf6 6. c3 Bf5 7. Nf3 Qc7 8.
g3 Nd7 9. Bg2 O-O-O 10. O-O Be4 11. Qe2 f5 12. Bf4 Qb6 13. Ng5 Bh6 14. Nxf7
Bxf4 15. Nxh8 Rxh8 16. f3 Bd5 17. gxf4 Rg8 18. Rf2 Qc7 19. Qe3 Nf6 20. b3 Nh5
21. c4 Bf7 22. Kh1 Nxf4 23. Qe5 Qxe5 24. dxe5 Nd3 25. Re2 Nf4 26. Rd2 Bh5 27.
Rf1 c5 28. h3 Be8 29. Kh2 Bc6 30. Bh1 Rg6 31. Rg1 Rxg1 32. Kxg1 Nxh3+ 33. Kf1
Nf4 34. Rh2 Kd7 35. Rh6 Ng6 36. Kf2 Ke6 37. Rxh7 Kxe5 38. Rg7 Kf6 39. Rg8 e5
40. Bg2 Nf4 41. Bf1 Ne6 42. Be2 Nd4 43. Bd1 Kf7 44. Ra8 a6 45. a3 Ke6 46. b4
Kd6 47. Rd8+ Kc7 48. Rf8 Kd6 49. Rf6+ Ke7 50. Rh6 cxb4 51. axb4 Kd7 52. f4 exf4
53. c5 Be4 54. Rd6+ 1-0

[Event "Campeonato de España Abierto 2006"]
[Site "Leon ESP"]
[Date "2006.11.26"]
[Round "5.17"]
[White "Garcia Moral Garcia, Jose Daniel"]
[Black "Varasa Paredes, Javier"]
[Result "1-0"]
[WhiteElo "2232"]
[BlackElo "1867"]
[PlyCount "59"]
[EventDate "2006.11.22"]
[EventType "swiss"]
[EventRounds "9"]
[EventCountry "ESP"]
[Source "lmi"]
[SourceDate "2006.11.22"]

1. e4 e6 2. d3 d5 3. Nd2 Nf6 4. Ngf3 Be7 5. g3 b6 6. Bg2 Bb7 7. e5 Nfd7 8. O-O
c5 9. c3 Qc7 10. d4 Nc6 11. a3 cxd4 12. cxd4 Ba6 13. Re1 Na5 14. Re3 Rc8 15.
Rc3 Qb8 16. Qc2 O-O 17. b4 Rxc3 18. Qxc3 Rc8 19. Qb2 Nc4 20. Nxc4 Bxc4 21. b5
Rc7 22. Ne1 a6 23. a4 axb5 24. axb5 Ra7 25. Bf1 Rxa1 26. Qxa1 Bxf1 27. Kxf1 Qc7
28. Qa8+ Nf8 29. Qc6 Bd8 30. Ba3 1-0

[Event "Campeonato de España Abierto 2006"]
[Site "Leon ESP"]
[Date "2006.11.26"]
[Round "5.19"]
[White "Veganzones Rojo, David"]
[Black "Sabater Sanchez, Asensio"]
[Result "1-0"]
[WhiteElo "2156"]
[BlackElo "2163"]
[PlyCount "95"]
[EventDate "2006.11.22"]
[EventType "swiss"]
[EventRounds "9"]
[EventCountry "ESP"]
[Source "lmi"]
[SourceDate "2006.11.22"]

1. d4 d5 2. c4 Nc6 3. cxd5 Qxd5 4. e3 e5 5. Nc3 Bb4 6. Bd2 Bxc3 7. bxc3 Qd6 8.
Bd3 Nf6 9. f3 O-O 10. Ne2 Re8 11. O-O Bd7 12. Qc2 Rad8 13. Rad1 Bc8 14. Be1 Nd5
15. Bf2 Qh6 16. Qc1 exd4 17. exd4 Ne3 18. Ng3 Nxf1 19. Qxh6 gxh6 20. Kxf1 Rd5
21. Ne4 Kg7 22. Bg3 Bf5 23. Bxc7 Bxe4 24. fxe4 Rd7 25. Bf4 a6 26. a4 f6 27. Bc2
Rde7 28. Rd3 Rc8 29. Bb1 h5 30. Rh3 b5 31. axb5 axb5 32. Rxh5 b4 33. e5 fxe5
34. Rxh7+ Kf6 35. Rh6+ Kf7 36. Rh7+ Kf6 37. dxe5+ Nxe5 38. Rxe7 Kxe7 39. Bxe5
bxc3 40. Bc2 Ke6 41. Bf4 Kd5 42. Ke2 Kc4 43. h4 Ra8 44. h5 Ra2 45. Kd1 Ra1+ 46.
Bc1 Ra5 47. g4 Ra8 48. h6 1-0

[Event "Campeonato de España Abierto 2006"]
[Site "Leon ESP"]
[Date "2006.11.26"]
[Round "5.20"]
[White "Montolio Benedicto, Cesar"]
[Black "Vega Gutierrez, Belinda"]
[Result "0-1"]
[WhiteElo "2055"]
[BlackElo "2151"]
[PlyCount "92"]
[EventDate "2006.11.22"]
[EventType "swiss"]
[EventRounds "9"]
[EventCountry "ESP"]
[Source "lmi"]
[SourceDate "2006.11.22"]

1. e4 e5 2. Nf3 Nc6 3. Bb5 a6 4. Ba4 Nf6 5. d4 exd4 6. e5 Ne4 7. O-O Be7 8.
Nxd4 O-O 9. Nxc6 dxc6 10. Qxd8 Rxd8 11. Be3 Bf5 12. Nc3 Nxc3 13. bxc3 Rd5 14.
Bb3 Rxe5 15. Bf4 Rc5 16. Bxc7 Bf6 17. Rae1 Rxc3 18. Re2 Be6 19. Rfe1 h6 20. Be5
Bxe5 21. Rxe5 Bxb3 22. cxb3 Rc2 23. Re8+ Rxe8 24. Rxe8+ Kh7 25. h4 Rxa2 26. Rb8
b5 27. Rc8 Kg6 28. Rxc6+ Kf5 29. Rc7 Ke6 30. g3 Ra3 31. b4 Ra4 32. Ra7 Kd5 33.
Rxf7 Rxb4 34. Rxg7 a5 35. h5 a4 36. Ra7 Kc4 37. g4 Kb3 38. f3 a3 39. Kg2 a2 40.
Rxa2 Kxa2 41. Kg3 Rc4 42. f4 b4 43. g5 hxg5 44. fxg5 b3 45. h6 b2 46. h7 Rc8
0-1

[Event "Campeonato de España Abierto 2006"]
[Site "Leon ESP"]
[Date "2006.11.26"]
[Round "5.22"]
[White "Diaz Sanchez, Jose Fco"]
[Black "Varela Mourin, Jesus"]
[Result "0-1"]
[WhiteElo "1976"]
[BlackElo "2169"]
[PlyCount "48"]
[EventDate "2006.11.22"]
[EventType "swiss"]
[EventRounds "9"]
[EventCountry "ESP"]
[Source "lmi"]
[SourceDate "2006.11.22"]

1. e4 d6 2. d4 Nf6 3. Nc3 g6 4. f4 Bg7 5. Nf3 O-O 6. Bd3 Nc6 7. O-O e5 8. fxe5
dxe5 9. d5 Ne7 10. Nxe5 c6 11. dxc6 Qd4+ 12. Kh1 Qxe5 13. Bf4 Qc5 14. Nb5 Qxc6
15. Nc7 Bg4 16. Qe1 Rad8 17. Qg3 Bc8 18. Bb5 Qxe4 19. Rae1 Nf5 20. Qb3 Qd4 21.
c3 Qb6 22. Na8 Qc5 23. Re5 Rd5 24. Rfe1 Ng4 0-1

[Event "Campeonato de España Abierto 2006"]
[Site "Leon ESP"]
[Date "2006.11.26"]
[Round "5.24"]
[White "Liñan Baena, Jeronimo"]
[Black "Galard Agustin, Tomas E"]
[Result "1-0"]
[WhiteElo "2159"]
[BlackElo "1924"]
[PlyCount "39"]
[EventDate "2006.11.22"]
[EventType "swiss"]
[EventRounds "9"]
[EventCountry "ESP"]
[Source "lmi"]
[SourceDate "2006.11.22"]

1. d4 e6 2. Nf3 g6 3. g3 d5 4. Bg2 Bg7 5. O-O c5 6. Nc3 cxd4 7. Nxd4 Nc6 8. Be3
Nge7 9. Qd2 a6 10. Nxc6 Nxc6 11. Bh6 Bf6 12. Rad1 Qa5 13. Qf4 Bxc3 14. bxc3
Qxc3 15. e4 dxe4 16. Bxe4 Bd7 17. Rxd7 Kxd7 18. Qxf7+ Kd6 19. Rd1+ Kc5 20. Be3+
1-0

[Event "Campeonato de España Abierto 2006"]
[Site "Leon ESP"]
[Date "2006.11.26"]
[Round "5.25"]
[White "Coll Ortega, Jordi"]
[Black "Jimenez De La Torre, Jose Anton"]
[Result "1/2-1/2"]
[WhiteElo "1946"]
[BlackElo "2161"]
[PlyCount "48"]
[EventDate "2006.11.22"]
[EventType "swiss"]
[EventRounds "9"]
[EventCountry "ESP"]
[Source "lmi"]
[SourceDate "2006.11.22"]

1. c4 Nf6 2. g3 e6 3. Bg2 d5 4. Nf3 c5 5. cxd5 exd5 6. d4 Nc6 7. O-O Be7 8. Nc3
cxd4 9. Nxd4 O-O 10. e3 Nxd4 11. Qxd4 Be6 12. Rd1 Qa5 13. a3 Rac8 14. b4 Bxb4
15. Qxb4 Qxb4 16. axb4 Rxc3 17. Rxa7 Rc7 18. Bb2 Rfc8 19. Bxf6 gxf6 20. h3 Rc1
21. Rxc1 Rxc1+ 22. Kh2 Rc2 23. Kg1 Rc1+ 24. Kh2 Rc2 1/2-1/2

[Event "Campeonato de España Abierto 2006"]
[Site "Leon ESP"]
[Date "2006.11.26"]
[Round "5.26"]
[White "Garcia Gonzalez, Manuel"]
[Black "Rodriguez Yagüe, Fermin"]
[Result "1-0"]
[WhiteElo "2142"]
[BlackElo "1883"]
[PlyCount "63"]
[EventDate "2006.11.22"]
[EventType "swiss"]
[EventRounds "9"]
[EventCountry "ESP"]
[Source "lmi"]
[SourceDate "2006.11.22"]

1. d4 Nf6 2. c4 g6 3. Nc3 Bg7 4. e4 d6 5. f3 O-O 6. Be3 e5 7. Nge2 Nc6 8. d5
Ne7 9. Qd2 Nd7 10. g4 f5 11. gxf5 gxf5 12. O-O-O f4 13. Bf2 a5 14. Kb1 b6 15.
h4 Nc5 16. h5 Bh6 17. Nb5 Kh8 18. Bh4 Rg8 19. Rg1 Rxg1 20. Nxg1 Nd7 21. Bh3 Ba6
22. Qg2 Bg7 23. Bxd7 Qxd7 24. h6 Ng6 25. hxg7+ Kxg7 26. Na3 Qa4 27. Rc1 Qd7 28.
Ne2 Bc8 29. Rh1 c6 30. Nc3 b5 31. dxc6 Qxc6 32. cxb5 1-0

[Event "Campeonato de España Abierto 2006"]
[Site "Leon ESP"]
[Date "2006.11.26"]
[Round "5.27"]
[White "Saenz Narciso, Miguel Angel"]
[Black "Crespo Arce, Miguel Angel"]
[Result "1-0"]
[WhiteElo "2114"]
[BlackElo "1786"]
[PlyCount "65"]
[EventDate "2006.11.22"]
[EventType "swiss"]
[EventRounds "9"]
[EventCountry "ESP"]
[Source "lmi"]
[SourceDate "2006.11.22"]

1. e4 d5 2. exd5 Qxd5 3. Nc3 Qa5 4. d4 Nf6 5. Be2 c6 6. Nf3 Bf5 7. O-O e6 8.
Bf4 Be7 9. Ne5 Nbd7 10. Nc4 Qd8 11. Nd6+ Bxd6 12. Bxd6 Nb6 13. Bc5 Qc7 14. a4
Nbd5 15. Nxd5 cxd5 16. Bb5+ Kd8 17. a5 Ng4 18. g3 Ne5 19. Bb6 axb6 20. axb6 Qc8
21. dxe5 Ke7 22. Rxa8 Qxa8 23. Qd4 f6 24. g4 Bg6 25. Qc5+ Kf7 26. Qc7+ Kg8 27.
Bc6 h5 28. exf6 gxf6 29. Bxb7 Qf8 30. Ra1 Qg7 31. Ra8+ Kh7 32. Rxh8+ Kxh8 33.
Qxg7+ 1-0

[Event "Campeonato de España Abierto 2006"]
[Site "Leon ESP"]
[Date "2006.11.26"]
[Round "5.28"]
[White "Soto Iglesias, David"]
[Black "Gonzalez Diez, Ruben"]
[Result "1/2-1/2"]
[WhiteElo "1850"]
[BlackElo "2188"]
[PlyCount "105"]
[EventDate "2006.11.22"]
[EventType "swiss"]
[EventRounds "9"]
[EventCountry "ESP"]
[Source "lmi"]
[SourceDate "2006.11.22"]

1. e4 e6 2. d4 d5 3. Nd2 Nf6 4. e5 Nfd7 5. Bd3 c5 6. c3 Nc6 7. Ne2 cxd4 8. cxd4
f6 9. exf6 Nxf6 10. O-O Bd6 11. Nf3 O-O 12. Nc3 Bd7 13. Re1 Qe8 14. Ne5 Nxd4
15. Bxh7+ Kxh7 16. Qxd4 Qh5 17. h3 Rae8 18. Bf4 Bc6 19. Ne2 Ne4 20. Ng3 Qh4 21.
Ng6 Bc5 22. Qxc5 Kxg6 23. Nxe4 Rxf4 24. Ng3 Qf6 25. Qc2+ Kf7 26. Nh5 Qf5 27.
Qd2 Rc4 28. Ng3 Qf4 29. Re3 Kg8 30. Qe2 e5 31. b3 Rc5 32. Re1 d4 33. Nh5 dxe3
34. Nxf4 exf4 35. fxe3 fxe3 36. Qd3 Rce5 37. a4 e2 38. Qc4+ Kh8 39. Qh4+ Kg8
40. Qc4+ Bd5 41. Qd3 a6 42. Kf2 Rf8+ 43. Kg1 Rfe8 44. Kf2 Bf7 45. Kg1 Re3 46.
Qb1 Bxb3 47. Rxe2 Rxe2 48. Qxb3+ R8e6 49. Qxb7 Rg6 50. Qd5+ Rge6 51. Qd8+ Kh7
52. Qd3+ R2e4 53. Qc2 1/2-1/2

[Event "Campeonato de España Abierto 2006"]
[Site "Leon ESP"]
[Date "2006.11.26"]
[Round "5.29"]
[White "Martinez Rodriguez, Eugenio"]
[Black "Diaz Rodriguez, Jose Antonio"]
[Result "0-1"]
[WhiteElo "2051"]
[BlackElo "2125"]
[PlyCount "54"]
[EventDate "2006.11.22"]
[EventType "swiss"]
[EventRounds "9"]
[EventCountry "ESP"]
[Source "lmi"]
[SourceDate "2006.11.22"]

1. d4 d5 2. Nf3 Nf6 3. g3 e6 4. Bg2 Be7 5. O-O O-O 6. c4 c6 7. Nc3 Nbd7 8. cxd5
exd5 9. Re1 Re8 10. b3 Bb4 11. Bb2 Ne4 12. Qd3 Qf6 13. a3 Bxc3 14. Bxc3 Nf8 15.
Bb2 Ng6 16. Rf1 Bf5 17. Qd1 Ng5 18. Nxg5 Qxg5 19. e3 Be4 20. Rc1 Nh4 21. f4 Qg6
22. Bh3 Bf5 23. Bxf5 Nxf5 24. Qd2 Rxe3 25. Rc3 Re4 26. Rcc1 Rae8 27. Rfe1 Nxg3
0-1

[Event "Campeonato de España Abierto 2006"]
[Site "Leon ESP"]
[Date "2006.11.26"]
[Round "5.31"]
[White "De La Barrera Montenegro, Eduar"]
[Black "Marcos Robles, Juan Antonio"]
[Result "1-0"]
[WhiteElo "2090"]
[BlackElo "1842"]
[PlyCount "89"]
[EventDate "2006.11.22"]
[EventType "swiss"]
[EventRounds "9"]
[EventCountry "ESP"]
[Source "lmi"]
[SourceDate "2006.11.22"]

1. e4 e5 2. Nf3 Nc6 3. Bb5 a6 4. Ba4 Nf6 5. O-O b5 6. Bb3 Be7 7. Re1 d6 8. c3
Na5 9. Bc2 c5 10. a4 O-O 11. axb5 c4 12. bxa6 Bxa6 13. d3 Qb6 14. dxc4 Nxc4 15.
b3 Na5 16. c4 Rfb8 17. Be3 Qc7 18. Nc3 Nc6 19. Bg5 h6 20. Bxf6 Bxf6 21. Nd5 Qd8
22. Qd2 Be7 23. Qc3 Bf8 24. Ra2 Bb7 25. Rea1 Rxa2 26. Rxa2 Ne7 27. Nxe7+ Bxe7
28. b4 Qb6 29. h3 Rc8 30. Qb3 g6 31. Bd3 Kg7 32. Ra5 Bd8 33. Qa3 Be7 34. Ra7
Bd8 35. c5 dxc5 36. bxc5 Qc6 37. Qb2 Ba8 38. Qb3 Bc7 39. Nxe5 Qf6 40. Qxf7+
Qxf7 41. Nxf7 Kf8 42. Nd6 Bxd6 43. cxd6 Rd8 44. e5 Bd5 45. Bxg6 1-0

[Event "Campeonato de España Abierto 2006"]
[Site "Leon ESP"]
[Date "2006.11.26"]
[Round "5.32"]
[White "Sahelices Casado, Roberto"]
[Black "Cantalapiedra Vega, Francisco"]
[Result "1-0"]
[WhiteElo "2067"]
[BlackElo "2012"]
[PlyCount "99"]
[EventDate "2006.11.22"]
[EventType "swiss"]
[EventRounds "9"]
[EventCountry "ESP"]
[Source "lmi"]
[SourceDate "2006.11.22"]

1. c4 Nf6 2. Nc3 g6 3. e4 d6 4. d4 Bg7 5. f3 O-O 6. Be3 e5 7. Nge2 c6 8. d5 c5
9. Qd2 Ne8 10. O-O-O Na6 11. g4 Nac7 12. Ng3 a6 13. h4 b5 14. h5 Qe7 15. Qh2 g5
16. h6 Bh8 17. Nf5 Bxf5 18. gxf5 Bf6 19. Rg1 Kh8 20. Ne2 Rg8 21. Rg4 bxc4 22.
Ng3 Nb5 23. Nh5 c3 24. b3 Nd4 25. Bd3 c4 26. Bxc4 Rc8 27. Nxf6 Nxf6 28. Rg3 Nd7
29. Qg2 f6 30. Rxd4 exd4 31. Bxd4 Ne5 32. f4 gxf4 33. Rxg8+ Rxg8 34. Qh2 Nf3
35. Qf2 Nxd4 36. Qxd4 Qe5 37. Qxe5 fxe5 38. Kc2 f3 39. Kxc3 Rg1 40. Bxa6 f2 41.
Kb4 f1=Q 42. Bxf1 Rxf1 43. Kb5 Rc1 44. a4 Kg8 45. a5 Kf8 46. b4 Ke8 47. Kb6 Kd8
48. a6 Rc4 49. a7 Rc8 50. b5 1-0

[Event "Campeonato de España Abierto 2006"]
[Site "Leon ESP"]
[Date "2006.11.26"]
[Round "5.33"]
[White "Suriol Peinado, Alberto"]
[Black "Garcia Panizo, Amilcar"]
[Result "1-0"]
[WhiteElo "1900"]
[BlackElo "1859"]
[PlyCount "121"]
[EventDate "2006.11.22"]
[EventType "swiss"]
[EventRounds "9"]
[EventCountry "ESP"]
[Source "lmi"]
[SourceDate "2006.11.22"]

1. d4 Nf6 2. c4 g6 3. Nc3 Bg7 4. e4 d6 5. Bg5 O-O 6. Qd2 Nbd7 7. Bd3 c6 8. Nf3
e5 9. d5 Qc7 10. O-O Nc5 11. b4 Nxd3 12. Qxd3 Nh5 13. Nd2 f5 14. f3 Kh8 15. Kh1
h6 16. Be3 Qe7 17. a4 f4 18. Bf2 g5 19. h3 Rg8 20. dxc6 bxc6 21. b5 c5 22. Nd5
Qf7 23. a5 Rb8 24. Rfb1 Bf8 25. a6 Nf6 26. Nxf6 Qxf6 27. b6 Qf7 28. b7 Be6 29.
Qc3 Kh7 30. Rc1 h5 31. Qd3 Qd7 32. Qf1 g4 33. fxg4 hxg4 34. g3 gxh3 35. Kh2 Bh6
36. Qd3 Qe7 37. Rg1 fxg3+ 38. Bxg3 Rxg3 39. Rxg3 Bf4 40. Rag1 Rg8 41. Kh1 Bxg3
42. Rxg3 Rf8 43. Qe2 Qh4 44. Qe3 Qh5 45. Nf3 Bd7 46. Ng5+ Kh8 47. Rxh3 Bxh3 48.
Qxh3 Qxh3+ 49. Nxh3 Kg7 50. Ng5 Rh8+ 51. Kg2 Kf6 52. Nf3 Ke7 53. Nh4 Kd7 54.
Nf5 Kc7 55. Ne7 Rf8 56. Kg3 Kb6 57. Nc8+ Kc7 58. Nxa7 Kb6 59. Nc8+ Kc7 60. Nxd6
Kxd6 61. a7 1-0

[Event "Campeonato de España Abierto 2006"]
[Site "Leon ESP"]
[Date "2006.11.26"]
[Round "5.34"]
[White "Braña Lopez, Eduardo"]
[Black "Gonzalez Trigal, Jose Luis"]
[Result "0-1"]
[WhiteElo "2079"]
[BlackElo "1824"]
[PlyCount "198"]
[EventDate "2006.11.22"]
[EventType "swiss"]
[EventRounds "9"]
[EventCountry "ESP"]
[Source "lmi"]
[SourceDate "2006.11.22"]

1. e4 c5 2. Nf3 d6 3. d4 cxd4 4. Qxd4 a6 5. c4 Nc6 6. Qd2 g6 7. b3 Bg7 8. Bb2
Nf6 9. Nc3 O-O 10. h3 Qa5 11. Bd3 Bd7 12. O-O Rac8 13. Na4 Qxd2 14. Nxd2 Ne5
15. Bxe5 dxe5 16. Nb6 Rcd8 17. Nf3 Nh5 18. Rfd1 Nf4 19. Bf1 Bc6 20. g3 Ne6 21.
Nd5 Rfe8 22. Rac1 h6 23. Ne1 g5 24. Nc2 Rd7 25. Ncb4 Red8 26. Be2 Nd4 27. Bg4
e6 28. Nb6 Rc7 29. Nxc6 Rxc6 30. Na4 f5 31. Bh5 Bf6 32. Nb2 Rcd6 33. c5 R6d7
34. Nc4 g4 35. Kg2 gxh3+ 36. Kxh3 fxe4 37. Nd6 Bg5 38. Rb1 e3 39. fxe3 Nf5 40.
Bg4 Bxe3 41. Nxb7 Rxd1 42. Rxd1 Rxd1 43. Bxd1 Kf8 44. c6 Bb6 45. b4 Nd4 46. Ba4
e4 47. Nd6 e3 48. Kg2 e2 49. Kf2 Nf5+ 50. Kxe2 Nxd6 51. Bc2 Ke7 52. Bd3 Nb5 53.
a4 Nc7 54. Be4 Kd6 55. Kf3 Nd5 56. b5 axb5 57. axb5 Nc3 58. Bd3 Kc5 59. Kg4 Bc7
60. Kh5 Bxg3 61. Kxh6 Nxb5 62. Kg5 Kxc6 63. Kg4 Bc7 64. Kf3 Nd6 65. Bh7 e5 66.
Bg6 Kd5 67. Bh7 Kd4 68. Bg6 e4+ 69. Bxe4 Nxe4 70. Kg4 Ke5 71. Kf3 Nf6 72. Ke3
Bb6+ 73. Kd3 Kd5 74. Kc3 Bc5 75. Kd3 Bd4 76. Ke2 Ke4 77. Kd2 Nd7 78. Ke2 Be3
79. Ke1 Ne5 80. Kf1 Kf3 81. Ke1 Nc6 82. Kd1 Nd4 83. Ke1 Nc6 84. Kd1 Nb4 85. Ke1
Bf4 86. Kd1 Ke3 87. Kc1 Be5 88. Kd1 Bc3 89. Kc1 Kd3 90. Kb1 Nc2 91. Kc1 Ne3 92.
Kb1 Kc4 93. Ka2 Kb4 94. Kb1 Kb3 95. Kc1 Bb4 96. Kb1 Ba3 97. Ka1 Nc4 98. Kb1
Nd2+ 99. Ka1 Bb2# 0-1

[Event "Campeonato de España Abierto 2006"]
[Site "Leon ESP"]
[Date "2006.11.26"]
[Round "5.35"]
[White "Bazan Solera, Manuel"]
[Black "Prieto Redondo, Guillermo"]
[Result "1/2-1/2"]
[WhiteElo "1971"]
[BlackElo "1617"]
[PlyCount "57"]
[EventDate "2006.11.22"]
[EventType "swiss"]
[EventRounds "9"]
[EventCountry "ESP"]
[Source "lmi"]
[SourceDate "2006.11.22"]

1. d4 d5 2. c4 e6 3. Nc3 Nf6 4. e3 Nbd7 5. Nf3 c5 6. Bd3 dxc4 7. Bxc4 Nb6 8.
Bb5+ Bd7 9. Qe2 cxd4 10. Nxd4 a6 11. Bxd7+ Qxd7 12. O-O Bd6 13. Rd1 O-O 14. e4
Qc7 15. Nf3 Nbd7 16. Bg5 Ng4 17. h3 Nge5 18. Rac1 Nxf3+ 19. Qxf3 Ne5 20. Qe2
Nc6 21. Qg4 Be7 22. Bh6 Bf6 23. Bf4 Be5 24. Be3 Rfd8 25. f4 Rxd1+ 26. Rxd1 Bxc3
27. bxc3 Rd8 28. Qe2 h6 29. Rxd8+ 1/2-1/2

[Event "Campeonato de España Abierto 2006"]
[Site "Leon ESP"]
[Date "2006.11.26"]
[Round "5.36"]
[White "Santos Latasa, Jaime"]
[Black "Garcia Prieto, Pablo"]
[Result "1-0"]
[WhiteElo "1596"]
[BlackElo "1876"]
[PlyCount "77"]
[EventDate "2006.11.22"]
[EventType "swiss"]
[EventRounds "9"]
[EventCountry "ESP"]
[Source "lmi"]
[SourceDate "2006.11.22"]

1. e4 c5 2. Nf3 d6 3. d4 cxd4 4. Nxd4 Nf6 5. Nc3 g6 6. Be2 Bg7 7. O-O Nc6 8.
Nb3 O-O 9. Bg5 a6 10. h4 Be6 11. Kh1 Qc8 12. f4 Bg4 13. Bxf6 Bxe2 14. Qxe2 Bxf6
15. Nd5 Qd8 16. Rad1 Bg7 17. c3 Rb8 18. e5 e6 19. Ne3 Qb6 20. Nd4 dxe5 21. Nc4
Qc7 22. Nxc6 Qxc6 23. fxe5 Qa4 24. Nb6 Qa5 25. Nd7 Rbd8 26. Nxf8 Kxf8 27. Qf3
Kg8 28. Qxf7+ Kh8 29. Rxd8+ Qxd8 30. Qxe6 Qg8 31. Qxg8+ Kxg8 32. e6 Bf8 33. Rf7
b6 34. g4 h5 35. c4 Bc5 36. Kg2 Bd4 37. b3 Bc5 38. Kf3 Bb4 39. Ke4 1-0

[Event "Campeonato de España Abierto 2006"]
[Site "Leon ESP"]
[Date "2006.11.26"]
[Round "5.37"]
[White "Lopez Tascon, Miguel Angel"]
[Black "Fernandez Amez, Jesus"]
[Result "1-0"]
[WhiteElo "1817"]
[BlackElo "1951"]
[PlyCount "109"]
[EventDate "2006.11.22"]
[EventType "swiss"]
[EventRounds "9"]
[EventCountry "ESP"]
[Source "lmi"]
[SourceDate "2006.11.22"]

1. d4 c6 2. c4 d5 3. Nf3 Nf6 4. Nc3 Bg4 5. Ne5 e6 6. Bg5 Bf5 7. Qb3 Qb6 8. Qxb6
axb6 9. a3 Ne4 10. Nxe4 Bxe4 11. Bd2 h6 12. e3 c5 13. f3 Bh7 14. cxd5 exd5 15.
Bb5+ Ke7 16. O-O f6 17. Nd3 Bxd3 18. Bxd3 c4 19. Bg6 Nc6 20. Rae1 h5 21. e4
Nxd4 22. exd5+ Kd7 23. Kh1 Bd6 24. Re4 Nb3 25. Bc3 b5 26. Rfe1 b6 27. g3 Nc5
28. R4e3 Kc7 29. Kg2 Rad8 30. R1e2 Rh6 31. Be8 Nd7 32. Bd4 h4 33. g4 g5 34. h3
b4 35. axb4 Bxb4 36. Re6 Bd6 37. Bxd7 Rxd7 38. Bxf6 Rhh7 39. Bxg5 Bg3 40. Re7
Kd6 41. Rxh7 Rxh7 42. Re6+ Kxd5 43. Rxb6 Rd7 44. f4 Kc5 45. Rb8 Kd5 46. Kf3 Kd4
47. Bf6+ Kd3 48. g5 Rd6 49. Rd8 Rxd8 50. Bxd8 Kc2 51. Bf6 Be1 52. g6 Bd2 53. g7
Bc1 54. g8=Q Bxb2 55. Qg2+ 1-0

[Event "Campeonato de España Abierto 2006"]
[Site "Leon ESP"]
[Date "2006.11.26"]
[Round "5.38"]
[White "Rodriguez Rodriguez, Antonio"]
[Black "Llamazares Lopez, Carlos"]
[Result "1-0"]
[WhiteElo "2240"]
[BlackElo "1883"]
[PlyCount "125"]
[EventDate "2006.11.22"]
[EventType "swiss"]
[EventRounds "9"]
[EventCountry "ESP"]
[Source "lmi"]
[SourceDate "2006.11.22"]

1. d4 Nf6 2. Bg5 Ne4 3. h4 Nxg5 4. hxg5 c5 5. e3 Qa5+ 6. Qd2 Qxd2+ 7. Nxd2 cxd4
8. exd4 g6 9. Ngf3 Bg7 10. c3 O-O 11. Bd3 d6 12. O-O-O Be6 13. Kb1 Nc6 14. Rh4
Rab8 15. Rdh1 b5 16. Rxh7 b4 17. c4 Nxd4 18. Rxg7+ Kxg7 19. Nxd4 Bd7 20. Re1 e5
21. N4f3 Bc6 22. Ne4 Bxe4 23. Bxe4 Rh8 24. Rd1 Rbc8 25. Bd5 e4 26. Nd2 e3 27.
fxe3 Rh5 28. Rf1 Rxg5 29. Rxf7+ Kh6 30. Rxa7 Re8 31. Rb7 Rxe3 32. Rxb4 Rh5 33.
Rb6 Re2 34. Kc2 Rh1 35. Rxd6 Kg5 36. Kd3 Re7 37. Ne4+ Kf4 38. Rxg6 Rd1+ 39. Nd2
Re3+ 40. Kc2 Ra1 41. a3 Ree1 42. Rf6+ Kg5 43. Rf3 Rac1+ 44. Kb3 Re2 45. Rd3 Kf4
46. Bf3 Re3 47. Rxe3 Kxe3 48. Ne4 Kd4 49. Nc3 Kc5 50. Bd5 Rg1 51. a4 Ra1 52.
Ne4+ Kd4 53. Kb4 Rf1 54. a5 Rb1 55. b3 Rb2 56. a6 Ra2 57. Nc5 Ke5 58. Na4 Kd6
59. a7 Re2 60. a8=Q Re7 61. Qd8+ Rd7 62. c5+ Ke5 63. Qxd7 1-0

[Event "Campeonato de España Abierto 2006"]
[Site "Leon ESP"]
[Date "2006.11.26"]
[Round "5.39"]
[White "Rodriguez Gonzalez, Miguel Angel"]
[Black "Franco Cazon, Rodolfo"]
[Result "1/2-1/2"]
[WhiteElo "1888"]
[BlackElo "1987"]
[PlyCount "76"]
[EventDate "2006.11.22"]
[EventType "swiss"]
[EventRounds "9"]
[EventCountry "ESP"]
[Source "lmi"]
[SourceDate "2006.11.22"]

1. d4 d5 2. c4 c6 3. Nc3 Nf6 4. Nf3 a6 5. c5 Nbd7 6. g3 b6 7. cxb6 Qxb6 8. Bg2
e6 9. O-O Be7 10. Qc2 O-O 11. e4 dxe4 12. Nxe4 Nxe4 13. Qxe4 Nf6 14. Qc2 Bb7
15. Be3 Nd5 16. Ne5 Rfd8 17. Qe4 Rac8 18. Rfc1 c5 19. dxc5 Bxc5 20. Nc4 Qa7 21.
Bxc5 Qxc5 22. b3 Qe7 23. Re1 Rc7 24. Qe5 Nb4 25. Qc3 Rd3 26. Qb2 Bxg2 27. Kxg2
f6 28. a3 Nd5 29. Rad1 Rxd1 30. Rxd1 Qc5 31. Re1 Qc6 32. Kg1 Rd7 33. Qe2 e5 34.
Qh5 g6 35. Qf3 Ne7 36. Qxc6 Nxc6 37. Re3 Rd1+ 38. Kg2 Kf7 1/2-1/2